000 00400nam a2200157Ia 4500
008 210716s1983 xx 000 0 und d
020 _a0936328312
041 _aeng
082 _a174.4 CHER
100 _aChewning, Richard C.
245 _aBusiness ethics in a changing culture.
250 _a1
260 _aVirginia
_bRobert F. Dame Inc.
_c1983
300 _aV,190
650 _aBusiness Ethics
999 _c198536
_d198536